000
00335nam a22001577a 4500
003
SGT
020
_a
978-0-323-32807-4
082
_a
617.5
_b
L16H
100
_a
HERRING, WILLIAM
245
_a
LEARNING RADIOLOGY
250
_a
3RD
260
_a
NEW DELHI
_b
ELSEVIER
_c
2016
300
_a
332
650
_a
AYURVEDA
942
_2
ddc
_c
BK
_0
1
999
_c
16892
_d
16892